[Event "Titled Tue 20th May Late"]
[Site "chess.com INT"]
[Date "2025.05.20"]
[Round "5"]
[White "Petrus, Adrian"]
[Black "Hoffman, Alejandro"]
[Result "0-1"]
[BlackTitle "GM"]
[WhiteElo "2203"]
[BlackElo "2354"]
[WhiteFideId "14573652"]
[BlackFideId "100340"]
[EventDate "2025.05.20"]

1. e4 c5 2. Nf3 d6 3. Bb5+ Nd7 4. c4 Nf6 5. Nc3 e6 6. O-O Be7 7. d3 O-O 8. Ba4
a6 9. Bc2 b6 10. a3 Bb7 11. b4 Qc7 12. Rb1 Rfe8 13. h3 d5 14. Qe2 d4 15. Na2 e5
16. Nh2 Bd6 17. Ng4 Rf8 18. Bg5 Ne8 19. f3 f6 20. Bh4 Bc8 21. Ba4 Rf7 22. Kh1 h5
23. Nh2 g5 24. Be1 Ng7 25. g3 Ne6 26. Bd2 Rh7 27. Qg2 h4 28. g4 Ndf8 29. Nc1 Ng6
30. Ne2 Rb8 31. Rfc1 Qd8 32. Bc6 Rc7 33. Bd5 Kg7 34. Nf1 Bd7 35. Qf2 Qe8 36. Qe1
b5 37. Kh2 bxc4 38. Bxc4 Bb5 39. Qd1 cxb4 40. axb4 Rbc8 41. Qb3 Nef4 42. Nxf4
exf4 43. Kg2 Ne5 44. Bxb5 Qxb5 45. Qe6 Rxc1 46. Rxc1 Rxc1 47. Bxc1 Bxb4 48. Bb2
Qxd3 49. Qa2 Qxf3+ 50. Kh2 Qxf1 51. Bxd4 Nf3# 0-1

[Event "Titled Tue 20th May Late"]
[Site "chess.com INT"]
[Date "2025.05.20"]
[Round "5"]
[White "Reprintsev, Alexander"]
[Black "Brzezina, Piotr"]
[Result "0-1"]
[WhiteTitle "IM"]
[BlackTitle "FM"]
[WhiteElo "2256"]
[BlackElo "2301"]
[WhiteFideId "14100541"]
[BlackFideId "21078874"]
[EventDate "2025.05.20"]

1. e4 e5 2. Nc3 Nf6 3. g3 d5 4. exd5 Nxd5 5. Bg2 Be6 6. Nf3 Nc6 7. O-O Nxc3 8.
bxc3 Be7 9. Re1 Bf6 10. Ba3 Qd7 11. Rb1 Rb8 12. Qe2 Bxa2 13. Rb5 a6 14. Nxe5
Nxe5 15. Rxe5+ Bxe5 16. Qxe5+ Qe6 17. f4 Qxe5 18. Rxe5+ Kd8 19. Be7+ Kd7 20.
Bh3+ Be6 21. f5 Kxe7 22. fxe6 f6 23. Rc5 c6 24. d4 Rhd8 25. Kf2 Rd5 26. Rc4 f5
27. Rb4 g6 28. Ke3 Kxe6 29. c4 Rd7 30. c5 Kf6 31. c3 Re8+ 32. Kd3 Re1 33. Bg2
Ra1 34. Rb2 a5 35. Kc4 a4 36. Rd2 Re7 37. Kb4 Re8 38. c4 a3 39. d5 a2 0-1

[Event "Titled Tue 20th May Late"]
[Site "chess.com INT"]
[Date "2025.05.20"]
[Round "5"]
[White "Jimenez Salas, Maria Teresa"]
[Black "Romero Ruscalleda, Josep"]
[Result "1-0"]
[WhiteTitle "WIM"]
[BlackTitle "FM"]
[WhiteElo "2137"]
[BlackElo "2110"]
[WhiteFideId "3843866"]
[BlackFideId "2231859"]
[EventDate "2025.05.20"]

1. e4 g6 2. d4 Bg7 3. Nc3 d6 4. f4 a6 5. Nf3 b5 6. Bd3 Bb7 7. Be3 Nd7 8. e5 Nh6
9. Be4 Bxe4 10. Nxe4 Nf5 11. Bf2 c5 12. exd6 cxd4 13. Nxd4 Nxd6 14. Nxd6+ exd6
15. Qe2+ Kf8 16. O-O-O Nc5 17. Kb1 Qf6 18. g3 h5 19. Rhe1 Kg8 20. c3 Kh7 21. f5
Rab8 22. fxg6+ fxg6 23. Nc6 Rbe8 24. Qc2 Rhf8 25. Bd4 Qf3 26. Bxg7 Kxg7 27. Nd4
Qf6 28. h3 Rxe1 29. Rxe1 Qf2 30. Re7+ Kh6 31. Qc1+ g5 32. Re2 Qf6 33. h4 Kg6 34.
Qc2+ Kg7 35. Re1 g4 36. Qe2 Qg6+ 37. Ka1 Rf7 38. a3 Qd3 39. Qe8 Qd2 40. Ne6+
Nxe6 41. Qxe6 Rf2 42. Rb1 Qe2 43. Qd7+ Rf7 44. Qxd6 Qf3 45. Qe5+ Rf6 46. Qg5+
Kf8 47. Qxh5 Qxg3 48. Qc5+ Kg7 49. Qa7+ Kh6 50. h5 1-0

[Event "Titled Tue 20th May Late"]
[Site "chess.com INT"]
[Date "2025.05.20"]
[Round "5"]
[White "Rudolph, Anna"]
[Black "Mammadov, Sadig"]
[Result "1-0"]
[WhiteTitle "WIM"]
[BlackTitle "IM"]
[WhiteElo "2198"]
[BlackElo "2395"]
[WhiteFideId "14102404"]
[BlackFideId "13408712"]
[EventDate "2025.05.20"]

1. e4 e6 2. c4 d5 3. cxd5 exd5 4. Qb3 dxe4 5. Bc4 Qe7 6. Nc3 c6 7. d3 exd3+ 8.
Be3 Bg4 9. h3 Bh5 10. g4 d2+ 11. Kxd2 Bg6 12. Re1 Qd8+ 13. Kc1 Be7 14. Qxb7 Nd7
15. Qxc6 Rc8 16. Qa4 Nf6 17. g5 Ne4 18. Bd4 Bxg5+ 19. Kb1 O-O 20. Nxe4 Re8 21.
f3 Qc7 22. b3 Qg3 23. Qxd7 Qxe1+ 24. Kb2 Red8 25. Ne2 Qxh1 26. Qg4 Bf6 27. Nxf6+
gxf6 28. Bxf6 Re8 29. Bc3 Qb1+ 30. Ka3 Qd1 31. Qd4 Qf1 32. Qg7# 1-0

[Event "Titled Tue 20th May Late"]
[Site "chess.com INT"]
[Date "2025.05.20"]
[Round "5"]
[White "Liu, Jason"]
[Black "Harish, Neeraj"]
[Result "1-0"]
[BlackTitle "CM"]
[WhiteElo "2064"]
[BlackElo "2192"]
[WhiteFideId "2514656"]
[BlackFideId "30958130"]
[EventDate "2025.05.20"]

1. e4 c6 2. d4 d5 3. exd5 cxd5 4. Bd3 Nf6 5. h3 Nc6 6. c3 g6 7. Nf3 Bg7 8. O-O
O-O 9. Bf4 Nd7 10. Re1 Re8 11. Nbd2 a5 12. Qb3 e6 13. a4 b6 14. Nb1 Ba6 15. Bxa6
Rxa6 16. Na3 Ra8 17. Nb5 e5 18. dxe5 Ndxe5 19. Nxe5 Bxe5 20. Bxe5 Nxe5 21. Rad1
Qg5 22. Qxd5 Rad8 23. Qe4 Rxd1 24. Rxd1 Qe7 25. Nd6 Rd8 26. Qd5 Kg7 27. Nf5+
gxf5 28. Qxd8 Qe6 29. Qd4 f6 30. Kh1 Qc6 31. Re1 1-0

[Event "Titled Tue 20th May Late"]
[Site "chess.com INT"]
[Date "2025.05.20"]
[Round "5"]
[White "Dovgaliuk, Oleksandr"]
[Black "Fernandes, Rogerio Paulo Muller"]
[Result "1-0"]
[WhiteElo "2240"]
[BlackElo "2241"]
[WhiteFideId "14167247"]
[BlackFideId "2101599"]
[EventDate "2025.05.20"]

1. a3 e5 2. c4 Nf6 3. d3 d5 4. cxd5 Nxd5 5. Nf3 Nc6 6. e3 Bd6 7. Be2 O-O 8. O-O
Be6 9. Nbd2 h6 10. Nc4 Nb6 11. Nxd6 Qxd6 12. b4 Rad8 13. Bb2 f6 14. Qc2 Bf5 15.
Rfd1 Kh7 16. Nh4 Be6 17. d4+ f5 18. dxe5 Qe7 19. Nf3 Bd5 20. Bc3 Be4 21. Qb3 Bd5
22. Qc2 Be4 23. Bd3 Rxd3 24. Rxd3 Rd8 25. Rad1 Rxd3 26. Rxd3 Bxf3 27. gxf3 Nxe5
28. Bxe5 Qxe5 29. Qc3 Qe7 30. Qc5 Qf7 31. Kf1 c6 32. Qe5 Nc4 33. Qf4 Nb2 34. Rd2
Nc4 35. Rd4 Nb2 36. e4 1-0

[Event "Titled Tue 20th May Late"]
[Site "chess.com INT"]
[Date "2025.05.20"]
[Round "5"]
[White "Gimeno Martos, Roberto"]
[Black "Jodar Arias, Marlon"]
[Result "0-1"]
[WhiteTitle "CM"]
[WhiteElo "2090"]
[BlackElo "2195"]
[WhiteFideId "2226804"]
[BlackFideId "3505499"]
[EventDate "2025.05.20"]

1. d4 Nf6 2. Nf3 d5 3. e3 Bg4 4. h3 Bxf3 5. Qxf3 e6 6. Bd3 c5 7. c3 Nc6 8. Nd2
e5 9. dxe5 Nxe5 10. Qe2 Nxd3+ 11. Qxd3 Be7 12. Nf3 O-O 13. O-O Qc7 14. b3 Rfd8
15. Bb2 Ne4 16. Rad1 Bf6 17. Qc2 Qa5 18. c4 Qxa2 19. cxd5 Qxb2 20. Qxe4 Qxb3 21.
Rd3 Qb6 22. Rfd1 Rd6 23. Nd2 Qd8 24. Nc4 Rd7 25. d6 a5 26. Qd5 a4 27. Qxc5 Rc8
28. Qb5 Rc6 29. Qxa4 Qc8 30. Nd2 Rcxd6 31. Rxd6 Rxd6 32. Qa2 Qd8 33. Kf1 Bc3 34.
Ke2 b5 35. Qb3 b4 0-1

[Event "Titled Tue 20th May Late"]
[Site "chess.com INT"]
[Date "2025.05.20"]
[Round "5"]
[White "Becking, Stephan"]
[Black "Khalafvand, Dorsa Sadat"]
[Result "1-0"]
[WhiteTitle "IM"]
[BlackTitle "WCM"]
[WhiteElo "2410"]
[BlackElo "1985"]
[WhiteFideId "4632478"]
[BlackFideId "36767522"]
[EventDate "2025.05.20"]

1. d4 d5 2. Nf3 Nf6 3. c3 c6 4. Bf4 Bf5 5. Qb3 Qb6 6. Nbd2 Nbd7 7. e3 e6 8. h3
h6 9. Be2 Be7 10. O-O O-O 11. Rfe1 Rfe8 12. Ne5 c5 13. Nxd7 Nxd7 14. Bf3 c4 15.
Qxb6 axb6 16. e4 dxe4 17. Nxe4 b5 18. Ng3 g5 19. Nxf5 exf5 20. Bxb7 Ra7 21. Bd6
Rxb7 22. Bxe7 Nb6 23. Bc5 Rd8 24. Re5 Rd5 25. Re8+ Kh7 26. Bxb6 Rxb6 27. a3 Re6
28. Re1 Rxe1+ 29. Rxe1 f6 30. f4 Kg6 31. Kf2 Kf7 32. Kf3 Rd6 33. g4 Rd5 34. Ra1
fxg4+ 35. hxg4 Rd6 36. f5 Ke7 37. Rh1 Kf7 38. Rxh6 Kg7 39. Rh1 Ra6 40. Re1 Kf7
41. d5 Rd6 42. Ke4 Rd8 43. Kd4 Rh8 44. d6 Rh2 45. Kc5 Rxb2 46. d7 Rd2 47. Kc6 b4
48. axb4 Rd3 49. Kc7 1-0

[Event "Titled Tue 20th May Late"]
[Site "chess.com INT"]
[Date "2025.05.20"]
[Round "5"]
[White "Garbuz, Vitaliy"]
[Black "Belov, Alexei"]
[Result "0-1"]
[WhiteTitle "CM"]
[BlackTitle "IM"]
[WhiteElo "2224"]
[BlackElo "2421"]
[WhiteFideId "12990710"]
[BlackFideId "4128206"]
[EventDate "2025.05.20"]

1. e4 e6 2. d4 d5 3. Nd2 Nf6 4. e5 Nfd7 5. c3 c5 6. f4 Nc6 7. Ndf3 Qb6 8. g3 Be7
9. Kf2 f6 10. Bg2 cxd4 11. cxd4 fxe5 12. fxe5 Ndxe5 13. Nxe5 Nxe5 14. Nf3 O-O
15. Bf4 Nxf3 16. Bxf3 g5 17. Be5 g4 18. Rf1 gxf3 19. Kg1 Bf6 20. Qxf3 Qxd4+ 21.
Bxd4 Bxd4+ 22. Kg2 Rxf3 23. Rxf3 Bd7 24. g4 Bc6 25. Re1 Bxb2 26. Kg3 e5 27. Rb1
Bd4 28. Rd1 Rf8 29. Rxf8+ Kxf8 30. g5 Kg7 31. Kg4 Bd7+ 32. Kh5 Be6 33. a4 Be3
34. a5 d4 35. a6 bxa6 36. h4 a5 37. Rb1 d3 38. Rb7+ Bf7+ 39. g6 hxg6+ 40. Kg4 d2
41. Rd7 Bd4 42. h5 gxh5+ 43. Kg5 d1=Q 44. Rxd4 exd4 45. Kf4 Qg4+ 46. Ke5 d3 47.
Kd6 Qe6+ 48. Kc5 Qd5# 0-1

[Event "Titled Tue 20th May Late"]
[Site "chess.com INT"]
[Date "2025.05.20"]
[Round "5"]
[White "Wartiovaara, Oliver"]
[Black "Ribeiro, Matheus Mendes Domingues"]
[Result "1-0"]
[WhiteTitle "FM"]
[BlackTitle "FM"]
[WhiteElo "2323"]
[BlackElo "2294"]
[WhiteFideId "513024"]
[BlackFideId "324226923"]
[EventDate "2025.05.20"]

1. Nf3 d5 2. e3 Nf6 3. b3 e6 4. Bb2 c6 5. d4 Bd6 6. Nbd2 O-O 7. Bd3 Nbd7 8. O-O
Qe7 9. Ne5 Ba3 10. Bxa3 Qxa3 11. f4 Qd6 12. Qf3 b6 13. Qh3 Bb7 14. Qh4 c5 15.
Rf3 Ne4 16. Bxe4 dxe4 17. Ndc4 Qd5 18. Rh3 h6 19. Rg3 Kh7 20. Nxd7 Qxd7 21. Ne5
Qd8 22. Qh5 cxd4 23. Rd1 d3 24. cxd3 Qe7 25. d4 Rac8 26. f5 exf5 27. Qxf5+ Kh8
28. Rf1 Bd5 29. Qg4 Rg8 30. Qh5 Qe6 31. Nxf7+ Kh7 32. Ng5+ 1-0

[Event "Titled Tue 20th May Late"]
[Site "chess.com INT"]
[Date "2025.05.20"]
[Round "5"]
[White "Petriashvili, Nikoloz"]
[Black "Novosel, Lovro"]
[Result "1-0"]
[WhiteTitle "IM"]
[BlackTitle "FM"]
[WhiteElo "2468"]
[BlackElo "2346"]
[WhiteFideId "13611216"]
[BlackFideId "14547120"]
[EventDate "2025.05.20"]

1. Na3 e5 2. c3 Nc6 3. g3 Nf6 4. Bg2 d5 5. d3 h6 6. Nf3 Be7 7. O-O O-O 8. Qc2
Bf5 9. Nd2 Qd7 10. e4 Bh3 11. Re1 Bxg2 12. Kxg2 Rfe8 13. Nf3 Bf8 14. b3 Rad8 15.
Bb2 a6 16. Rad1 b5 17. Nb1 Bc5 18. Nbd2 Bb6 19. h3 d4 20. cxd4 Nxd4 21. Bxd4
Bxd4 22. Nxd4 Qxd4 23. Qxc7 Qxd3 24. Nf3 Qxd1 25. Rxd1 Rxd1 26. Nxe5 Rf8 27. Qb7
Rd2 28. a4 bxa4 29. bxa4 Ra2 30. Nc6 Rxa4 31. e5 Ne4 32. Ne7+ Kh8 33. Nf5 Nc5
34. Qc6 Ra5 35. Qb6 Rb5 36. Qd6 Re8 37. Qc6 Rf8 38. Nd6 Ra5 39. Qb6 1-0

[Event "Titled Tue 20th May Late"]
[Site "chess.com INT"]
[Date "2025.05.20"]
[Round "5"]
[White "Klimakovs, Sergejs"]
[Black "Sklokin, Sergey"]
[Result "0-1"]
[WhiteTitle "FM"]
[BlackTitle "FM"]
[WhiteElo "2337"]
[BlackElo "2311"]
[WhiteFideId "11602066"]
[BlackFideId "55730230"]
[EventDate "2025.05.20"]

1. e4 c5 2. Nf3 e6 3. d4 cxd4 4. Nxd4 Nf6 5. Nc3 Nc6 6. Ndb5 Bb4 7. a3 Bxc3+ 8.
Nxc3 d5 9. exd5 exd5 10. Bd3 O-O 11. O-O d4 12. Ne2 Bg4 13. Qd2 Re8 14. h3 Bh5
15. Nf4 Bg6 16. Nxg6 hxg6 17. Re1 Qd7 18. Rxe8+ Rxe8 19. Qd1 Nd5 20. Bd2 Ne5 21.
Qf1 a6 22. Re1 Nc7 23. f4 Nxd3 24. Qxd3 Rxe1+ 25. Bxe1 Ne6 26. Bd2 Qd5 27. b4 b5
28. Kf2 Qa2 29. g4 Qd5 30. Qf3 Qc4 31. Qd3 Qc6 32. f5 gxf5 33. gxf5 Nf8 34. Qxd4
Qxc2 35. f6 Ne6 36. Qc3 Qf5+ 37. Kg2 gxf6 38. Qg3+ Qg6 39. Be3 f5 40. Kf3 Kg7
41. Bf2 Ng5+ 42. Ke2 Ne4 43. Bd4+ f6 44. Qc7+ Kh6 45. Be3+ Kh5 46. Qf4 Qg2+ 47.
Kd3 Kg6 48. Qh6+ Kf7 49. Qh7+ Ke6 50. Qc7 Qf1+ 51. Kd4 Qd1+ 0-1

[Event "Titled Tue 20th May Late"]
[Site "chess.com INT"]
[Date "2025.05.20"]
[Round "5"]
[White "Aravindh, Chithambaram VR."]
[Black "Arabidze, Meri"]
[Result "1-0"]
[WhiteTitle "GM"]
[BlackTitle "IM"]
[WhiteElo "2749"]
[BlackElo "2440"]
[WhiteFideId "5072786"]
[BlackFideId "13604040"]
[EventDate "2025.05.20"]

1. d4 Nf6 2. Nf3 e6 3. e3 b6 4. Bd3 Bb7 5. O-O d5 6. Nbd2 Be7 7. b3 O-O 8. Bb2
Nbd7 9. a4 c5 10. a5 bxa5 11. Bc3 Ne4 12. Bxa5 Qc8 13. c4 Nxd2 14. Bxd2 dxc4 15.
bxc4 Nb6 16. Qc2 h6 17. Rfc1 Bf6 18. Bh7+ Kh8 19. Be4 Bxe4 20. Qxe4 Rd8 21. Ra5
cxd4 22. exd4 Nxc4 23. Qe2 Nxd2 24. Rxc8 Nxf3+ 25. Qxf3 Rdxc8 26. g3 Kg8 27. d5
exd5 28. Qxd5 Bd8 29. Ra4 a5 30. Kg2 Be7 31. Rf4 Bf6 32. Ra4 Be7 33. Rf4 Bf6 34.
Qa2 Ra7 35. h4 Rca8 36. Ra4 Be7 37. h5 Bb4 38. f4 Ra6 39. Kh3 R6a7 40. Qc4 Ra6
41. g4 Re6 42. Ra2 Re3+ 43. Kg2 Rae8 44. Rf2 R3e4 45. Qc6 R4e6 46. Qb5 Re4 47.
Rf3 Re2+ 48. Kh3 R2e7 49. g5 Re3 50. Kg4 Rxf3 51. Qxe8+ Bf8 52. Kxf3 1-0

[Event "Titled Tue 20th May Late"]
[Site "chess.com INT"]
[Date "2025.05.20"]
[Round "5"]
[White "Sarana, Alexey"]
[Black "Rostomyan, Mikayel"]
[Result "0-1"]
[WhiteTitle "GM"]
[BlackTitle "FM"]
[WhiteElo "2686"]
[BlackElo "2325"]
[WhiteFideId "24133795"]
[BlackFideId "13313754"]
[EventDate "2025.05.20"]

1. e4 c5 2. Nf3 e6 3. Nc3 a6 4. a4 Nc6 5. d4 cxd4 6. Nxd4 Nf6 7. Nxc6 bxc6 8.
Bd3 d5 9. O-O Be7 10. e5 Nd7 11. f4 a5 12. Qg4 g6 13. Kh1 h5 14. Qg3 Nc5 15. Rd1
Nxd3 16. cxd3 Rb8 17. d4 Rb3 18. Qf2 Ba6 19. Be3 Qb6 20. Rd2 O-O 21. h3 Rb8 22.
Nd1 Bb4 23. Rc2 Bd3 24. Rcc1 Be4 25. Kh2 Qa6 26. Bd2 Qd3 27. Bxb4 R8xb4 28. Rxc6
Qxd4 29. Qh4 Rb8 30. Rac1 Qd2 31. Qg5 Bxg2 32. Kg1 Be4 33. Nf2 Qe3 34. Rc8+ Rxc8
35. Rxc8+ Kh7 36. Qh4 Qe1+ 37. Kh2 Rf3 38. Ng4 Qe2+ 39. Kg1 Rf1# 0-1

[Event "Titled Tue 20th May Late"]
[Site "chess.com INT"]
[Date "2025.05.20"]
[Round "5"]
[White "Logozar, Elijah"]
[Black "Burmakin, Vladimir"]
[Result "1-0"]
[BlackTitle "GM"]
[WhiteElo "1945"]
[BlackElo "2435"]
[WhiteFideId "30963788"]
[BlackFideId "4105109"]
[EventDate "2025.05.20"]

1. e4 c6 2. d4 d5 3. e5 Bf5 4. h4 h5 5. Bd3 Bxd3 6. Qxd3 Qa5+ 7. Nd2 e6 8. Ne2
Qa6 9. c4 dxc4 10. Nxc4 Nd7 11. O-O Nb6 12. b3 Nd5 13. Ng3 b5 14. Ne3 Nge7 15.
Ne4 Ng6 16. Nxd5 cxd5 17. Nc3 Nxh4 18. a4 Be7 19. Qxb5+ Qxb5 20. Nxb5 Kd7 21.
Ba3 Bxa3 22. Rxa3 Nf5 23. Rc1 Rhc8 24. Rxc8 Rxc8 25. Nxa7 Rc1+ 26. Kh2 Nxd4 27.
b4 Rc7 28. Nb5 Nxb5 29. axb5 Rb7 30. Ra5 f6 31. f4 Ke7 32. Kg3 Kf7 33. Kf3 fxe5
34. fxe5 g5 35. Ke3 h4 36. Kd4 g4 37. Kc5 Rc7+ 38. Kd6 Rc4 39. Ra4 h3 40. gxh3
gxh3 41. b6 h2 42. b7 h1=Q 43. b8=Q Kg6 44. Ra7 Kf5 45. Qg8 Qh3 46. Rh7 Qf3 47.
Rf7+ Ke4 48. Rxf3 Kxf3 49. Qxe6 1-0

[Event "Titled Tue 20th May Late"]
[Site "chess.com INT"]
[Date "2025.05.20"]
[Round "5"]
[White "Vlassov, Nikolai"]
[Black "Schuster, Karsten"]
[Result "1-0"]
[WhiteTitle "IM"]
[BlackTitle "FM"]
[WhiteElo "2291"]
[BlackElo "2266"]
[WhiteFideId "4103360"]
[BlackFideId "4611071"]
[EventDate "2025.05.20"]

1. e4 d5 2. exd5 Qxd5 3. Nc3 Qd8 4. Nf3 Nf6 5. d4 c6 6. Bc4 Bf5 7. Ne5 e6 8. g4
Be4 9. Nxe4 Nxe4 10. Qf3 Nd6 11. Bb3 Qf6 12. Qg2 Nd7 13. Nxd7 Kxd7 14. Be3 a5
15. c3 a4 16. Bc2 Nc4 17. Bc1 Bd6 18. Bd3 Nb6 19. Bd2 Nd5 20. g5 Qe7 21. Qf3 b5
22. O-O-O Rhb8 23. Kb1 Nb6 24. Qe2 Nc4 25. Bxc4 bxc4 26. Qxc4 Ba3 27. Bc1 Rb5
28. Ka1 Rab8 29. Rd2 Qxg5 30. Qxa4 Qxd2 31. Bxd2 Bxb2+ 32. Kb1 Bxc3+ 33. Kc2
Bxd4 34. Qxd4+ Rd5 35. Qa7+ Kc8 36. Ba5 Rd7 37. Qa6+ Rbb7 38. Qa8+ 1-0

[Event "Titled Tue 20th May Late"]
[Site "chess.com INT"]
[Date "2025.05.20"]
[Round "5"]
[White "Liu, Casper"]
[Black "Pakleza, Zbigniew"]
[Result "0-1"]
[WhiteTitle "FM"]
[BlackTitle "GM"]
[WhiteElo "2325"]
[BlackElo "2484"]
[WhiteFideId "1454153"]
[BlackFideId "1119290"]
[EventDate "2025.05.20"]

1. d4 d6 2. e4 Nf6 3. Nc3 c6 4. h3 b5 5. a3 e5 6. Nf3 Nbd7 7. Be2 Bb7 8. O-O Be7
9. Re1 O-O 10. Be3 Re8 11. Qd2 Bf8 12. Rad1 exd4 13. Nxd4 a5 14. f3 b4 15. Nb1
c5 16. Nf5 d5 17. exd5 Nxd5 18. Bc4 N7b6 19. Bb5 Re5 20. Ng3 Qh4 21. Bf2 Rxe1+
22. Rxe1 Qf4 23. Ne4 Rc8 24. axb4 Qxd2 25. Nbxd2 cxb4 26. Bd3 a4 27. Bd4 h6 28.
Nc5 Rxc5 29. Bxc5 Bxc5+ 30. Kh2 Kf8 31. Ne4 Bd4 32. Nd6 Bc6 33. Nf5 Bxb2 34. Bc4
Nxc4 35. Re4 Ncb6 36. Rxb4 Nxb4 0-1

[Event "Titled Tue 20th May Late"]
[Site "chess.com INT"]
[Date "2025.05.20"]
[Round "5"]
[White "Rozman, Levy"]
[Black "Kosakowski, Jakub"]
[Result "0-1"]
[WhiteTitle "IM"]
[BlackTitle "GM"]
[WhiteElo "2324"]
[BlackElo "2530"]
[WhiteFideId "2039877"]
[BlackFideId "1185080"]
[EventDate "2025.05.20"]

1. d4 f5 2. Qd3 Nc6 3. Nf3 e6 4. c4 Nf6 5. Nc3 Bb4 6. Bg5 h6 7. Bxf6 Qxf6 8. a3
Bxc3+ 9. Qxc3 O-O 10. g3 d6 11. Bg2 e5 12. O-O-O e4 13. Ne1 Bd7 14. Nc2 b5 15.
f3 bxc4 16. fxe4 fxe4 17. Qxc4+ Kh8 18. Bxe4 Na5 19. Qxc7 d5 20. Qxa5 dxe4 21.
Rhf1 Qe6 22. d5 Qh3 23. Rxf8+ Rxf8 24. Qxa7 Bg4 25. Qe7 Rc8 26. d6 Bd7 27. Kb1
Ba4 28. Rc1 Re8 29. Qa7 Bd7 30. Nd4 e3 31. Rc7 Rd8 32. Qc5 Qf1+ 33. Ka2 Qf7+ 34.
Qc4 Qf6 35. Qd5 Be8 36. Ra7 Rxd6 37. Qe4 Bf7+ 0-1

[Event "Titled Tue 20th May Late"]
[Site "chess.com INT"]
[Date "2025.05.20"]
[Round "5"]
[White "Petre, Nad-Titus"]
[Black "Grodotzki, Kenneth"]
[Result "1-0"]
[WhiteTitle "IM"]
[BlackTitle "CM"]
[WhiteElo "2299"]
[BlackElo "1984"]
[WhiteFideId "1204165"]
[BlackFideId "4648560"]
[EventDate "2025.05.20"]

1. c4 f5 2. Nc3 Nf6 3. g3 g6 4. Bg2 Bg7 5. d3 d6 6. e4 O-O 7. Nge2 c6 8. O-O e5
9. exf5 Bxf5 10. h3 Na6 11. d4 Qc7 12. Be3 Be6 13. b3 Rae8 14. Rc1 Bc8 15. dxe5
dxe5 16. g4 Rd8 17. Qc2 Nb4 18. Qb1 Bxg4 19. hxg4 Nxg4 20. Ne4 Nxe3 21. fxe3 Bh6
22. Rcd1 Bxe3+ 23. Kh2 Bf4+ 24. Nxf4 exf4 25. Bf3 Qe5 26. a3 Na6 27. Rxd8 Rxd8
28. Rd1 Rxd1 29. Qxd1 Nc5 30. Qd8+ Kg7 31. Nxc5 Qxc5 32. Qc7+ Kg8 33. Qb8+ Qf8
34. Qxb7 Qxa3 35. Qc8+ Kg7 36. Qc7+ Kg8 37. Qxc6 Qb2+ 38. Kh3 Qe5 39. Qd5+ Qxd5
40. Bxd5+ Kg7 41. Kg4 Kf6 42. Kxf4 h6 43. c5 g5+ 44. Kg4 Ke5 45. Bf7 Kf6 46. Bc4
Ke7 47. b4 Kd7 48. b5 Kc7 49. Kh5 Kb7 50. Bd5+ Kc7 51. Kxh6 g4 52. Kg5 g3 53.
Kf4 a6 54. b6+ Kb8 55. Kxg3 a5 56. Kf4 a4 57. Ke5 a3 1-0

[Event "Titled Tue 20th May Late"]
[Site "chess.com INT"]
[Date "2025.05.20"]
[Round "5"]
[White "Ristic, Nebojsa M"]
[Black "Shukhman, Anna"]
[Result "0-1"]
[WhiteTitle "IM"]
[BlackTitle "WGM"]
[WhiteElo "2248"]
[BlackElo "2413"]
[WhiteFideId "900850"]
[BlackFideId "54180058"]
[EventDate "2025.05.20"]

1. d4 d5 2. Bf4 Nf6 3. e3 c5 4. Nf3 Nc6 5. Nbd2 Qb6 6. dxc5 Qxb2 7. Rb1 Qa3 8.
Bb5 Qxc5 9. O-O a6 10. Bxc6+ Qxc6 11. c4 Bg4 12. h3 Bxf3 13. Qxf3 e6 14. Rfc1
Ba3 15. Rc3 Be7 16. Rbc1 O-O 17. Be5 Qd7 18. Rd3 Rac8 19. Rd1 Qa4 20. Bxf6 Bxf6
21. cxd5 exd5 22. Rxd5 Qxa2 23. Ne4 Bb2 24. Rd7 b5 25. Kh2 Be5+ 26. g3 b4 27.
Re7 Rce8 28. Rdd7 Bc3 29. Ng5 Rxe7 30. Rxe7 Bf6 31. Qf5 Bxg5 32. Qxg5 Qxf2+ 33.
Kh1 Qf1+ 34. Kh2 Qf2+ 35. Kh1 Rc8 36. Rc7 Rf8 37. Qe7 h6 38. h4 Qxg3 39. Rc8
Rxc8 0-1

[Event "Titled Tue 20th May Late"]
[Site "chess.com INT"]
[Date "2025.05.20"]
[Round "5"]
[White "Bahmani, Koorosh"]
[Black "Azizoglu, Ferzan"]
[Result "1-0"]
[WhiteTitle "CM"]
[WhiteElo "2208"]
[BlackElo "2055"]
[WhiteFideId "42576750"]
[BlackFideId "6302726"]
[EventDate "2025.05.20"]

1. Nf3 Nf6 2. g3 g6 3. Bg2 Bg7 4. O-O O-O 5. d4 d6 6. b3 Nc6 7. Bb2 Bf5 8. Nbd2
Qd7 9. Re1 Bh3 10. Bh1 e5 11. dxe5 Ng4 12. Nc4 Ngxe5 13. Nfxe5 dxe5 14. Qxd7
Bxd7 15. Red1 Bf5 16. e4 Bg4 17. f3 Be6 18. Ne3 Rfd8 19. c3 Ne7 20. Kf2 c6 21.
Ba3 Bf8 22. Bg2 a5 23. Bc5 a4 24. c4 Rxd1 25. Rxd1 axb3 26. axb3 Ra2+ 27. Ke1
Bh6 28. Bf1 f6 29. Ng4 Bxg4 30. fxg4 Bf8 31. Rd8 Kf7 32. Rb8 Rxh2 33. Rxb7 Ke6
34. Rb8 Kf7 35. b4 Rb2 36. b5 cxb5 37. cxb5 Rb1+ 38. Kf2 Rb2+ 39. Kg1 Rc2 40.
Ba3 f5 41. exf5 gxf5 42. gxf5 1-0

[Event "Titled Tue 20th May Late"]
[Site "chess.com INT"]
[Date "2025.05.20"]
[Round "5"]
[White "Cramling Bellon, Anna"]
[Black "Kolmagorov, Alexey"]
[Result "1-0"]
[WhiteTitle "WFM"]
[BlackTitle "CM"]
[WhiteElo "2046"]
[BlackElo "2145"]
[WhiteFideId "32009232"]
[BlackFideId "34129402"]
[EventDate "2025.05.20"]

1. d4 Nf6 2. c4 c5 3. d5 e5 4. Nc3 d6 5. e4 g6 6. g3 Bg7 7. Bg2 O-O 8. Nge2 Ne8
9. O-O f5 10. f4 Nd7 11. Be3 a6 12. a4 exf4 13. Nxf4 Ne5 14. Ne6 Bxe6 15. dxe6
Nc7 16. exf5 Rxf5 17. Rxf5 gxf5 18. Bxb7 Rb8 19. Bd5 Kh8 20. Qh5 Qf8 21. Rf1
Rxb2 22. Rxf5 Qg8 23. e7 Nxd5 24. e8=Q Nf6 25. Qxg8+ Kxg8 26. Qd1 Nf7 27. Nd5
Nd7 28. Ne7+ Kf8 29. Qf3 Ne5 30. Rxf7+ Nxf7 31. Nd5 Rb1+ 32. Kg2 Be5 33. g4 Ke8
34. g5 Rb2+ 35. Kf1 Rb1+ 36. Ke2 Rb2+ 37. Kd1 Rb1+ 38. Kc2 Rb2+ 39. Kc1 Ra2 40.
Nf6+ Ke7 41. Qb7+ Ke6 42. Qd7# 1-0